00975nam a2200277 a 450000100060000000300090000600500170001500800410003201500210007302000180009404000280011204100080014004300180014808200190016624501060018526000620029130000270035365000300038065000460041065000270045670000310048385200130051494200120052799900170053995201410055624593CO-ViMGA20230915232009.0141112s2004 ck r 000 u spa d ack - 2011 - xxxx a9789587530117 aCO-ViMGAbspacCO-ViMGA aspa as - ck - - - 04aCo863.08 C83a10aCuéntanos narrativas de la memoria 2009 - 2010 / cilustraciones Rocío Parra Parra ... [et al.]. a[Bogotá?] : bCentro Municipales de Memoria, c[2011?]. a115 p. : il. ; 22 cm.14aAbuelos - cuentos 91627214aCuentos colombianos - Colecciones 91511314aLocos - cuentos9366231 aParra, Rocío, il.936624 10.668.30 2ddccBK c32414d32414 00102ddc40708003aMEVIECARbMEVIECARd2015-12-04h07/feb/2013l0oCo863.08 C83a p25386r2015-12-04 00:00:00tEj. 1w2015-12-04yBK